00329nam a2200121Ia 4500008004100000041000800041082001400049100002900063245003000092260004400122300003000166365001100196240624s9999 xx 000 0 und d aeng a519.3 ALI aALIPRANTIS CHARALAMBOS D aGAMES AND DECISION MAKING c2000aNew YorkbOxford University press axi, : 257 : p. : cm. ; 23 cRSb35